000 00460nam a2200169Ia 4500
003 GCL
008 140319s9999 xx 000 0 ara d
040 _aGCL /
_cGCL
082 0 4 _a395.22
_bى ن
100 1 _aيوسف سعد
245 1 0 _aنصائح للمراه فى الحب والزواج /
_cيوسف سعد
260 _a[S.N] :
_bالمركز العربى الحديث
300 _a95 ص
490 _a
650 0 4 _aالمرأة
942 _2ddc
_cBK
999 _c49345
_d49345